Szczegóły MARC21

Sämtliche Märchen und Geschichten. Bd. 1 /

003 -Nazwa inst., której nr kontr. jest w polu 001 [,]
    • @
    • Nazwa instytucji, której n kontrolny jest w polu 001
    • NUKAT
005 -DATA I CZAS OSTATNIEJ MODYFIKACJI [,]
    • @
    • pole kontrolne
    • 20241231090436.0
020 -Międzynarod. znormalizowany nr książki - ISBN [ , ]
    • a
    • Numer ISBN
    • 3378000619 Find
    • q
    • Dopowiedzenie
    • Sammel-Nr.
020 -Międzynarod. znormalizowany nr książki - ISBN [ , ]
    • a
    • Numer ISBN
    • 3378000627 Find
    • q
    • Dopowiedzenie
    • Bd. 1
020 -Międzynarod. znormalizowany nr książki - ISBN [ , ]
    • a
    • Numer ISBN
    • 3378000635 Find
    • q
    • Dopowiedzenie
    • Bd. 2
040 -Instytucja sporządzająca opis [ , ]
    • a
    • Instytucja, która sporządziła opis (NP)
    • BSTOK U/AI
    • c
    • Instytucja, która sporządziła rekord (NP)
    • BSTOK U/AI
    • d
    • Instytucja, która zmodyfikowała rekord (P)
    • BSTOK U/LU
041 -Język dokumentu [1, ]
    • a
    • Język tekstu (P)
    • niemiecki
    • h
    • Język tekstu oryginalnego i/lub pośredniego (P)
    • duński
942 -Rodzaj dokumentu [ , ]
    • c
    • Rodzaj dokumentu
    • Książka
100 -Hasło główne - nazwa osobowa [1, ]
    • a
    • Nazwa osobowa (NP)
    • Andersen, Hans Christian
    • d
    • Daty biograficzne (NP)
    • (1805-1875).
    • 9
    • KHW
    • 62442
240 -Tytuł ujednolicony [1,0]
    • a
    • Tytuł ujednolicony
    • Eventyr og historier
    • l
    • Język tekstu
    • (niem.)
    • 9
    • KHW
    • 448917
245 -Strefa tytułu i oznaczenia odpowiedzialności [1,0]
    • a
    • Tytuł
    • Sämtliche Märchen und Geschichten. Find
    • n
    • Oznaczenie części (P)
    • Bd. 1 /
    • c
    • Pozostałe elementy strefy tytułu i oznaczenia odpowiedzialności (NP)
    • Hans Christian Andersen ; mit Ill. von Vilhelm Pedersen und Lorenz Frølich ; [mit einem Essay hrsg. von Leopold Magon ; übert. von Eva-Maria Blühm].
246 -Wariant tytułu [1,3]
    • a
    • Tytuł (NP)
    • Sämtliche Märchen.
    • n
    • Numer części
    • 1
250 -Strefa wydania [ , ]
    • a
    • Oznaczenie wydania (NP)
    • 3. Aufl.
260 -Strefa adresu wydawniczego [ , ]
    • a
    • Miejsce wydania (P)
    • Leipzig ;
    • a
    • Miejsce wydania (P)
    • Weimar :
    • b
    • Nazwa wydawcy (P)
    • Gustav Kiepenheuer Verlag,
    • c
    • Data wydania (P)
    • 1986.
300 -Strefa opisu fizycznego [ , ]
    • a
    • Określenie formy książki i/lub objętość (NP)
    • 591 s. : il. ;
    • c
    • Format (NP)
    • 20 cm.
336 -Typ zawartości [ , ]
    • a
    • Termin opisujący typ zawartości
    • Tekst
    • b
    • Kod określający zawartość
    • txt
    • 2
    • Źródło (terminu i kodu)
    • rdacontent
337 -Typ mediów [ , ]
    • a
    • Tryb odtwarzania
    • Bez urządzenia pośredniczącego
    • b
    • Kod typu mediów
    • n
    • 2
    • Źródło (terminu i kodu)
    • rdamedia
338 -Typ/rodzaj nośnika [ , ]
    • a
    • Hasło opisujące typ nośnika
    • Wolumin
    • b
    • Kod typu nośnika
    • nc
    • 2
    • Źródło (terminu i kodu)
    • rdacarrier
490 -Strefa serii i książki wielotomowej - forma nie do wyszukiwania [1, ]
    • a
    • Tytuł (P)
    • Die Bücherkiepe Find
830 -Hasło dodatkowe serii i opisu książki wielotomowej - tytuł ujednolicony/tytuł [ ,4]
    • a
    • Tytuł ujednolicony/tytuł (NP)
    • Die Bücherkiepe
    • 9
    • KHW
    • 56042
655 -Hasło w funkcji tematu formalnego [ ,7]
    • a
    • Hasło
    • Baśnie duńskie
    • y
    • Określnik chronologiczny
    • 19 w.
    • v
    • Określnik formy
    • tłumaczenia niemieckie.
    • 2
    • Źródło terminu
    • kaba
    • 9
    • KHW
    • 448995
700 -Hasło dodatkowe - nazwa osobowa [1, ]
    • a
    • Nazwa osobowa (NP)
    • Pedersen, Vilhelm Find
    • d
    • Daty biograficzne (NP)
    • (1820-1859).
    • e
    • Określenie rodzaju współpracy
    • Il.
    • 9
    • KHW
    • 448915
700 -Hasło dodatkowe - nazwa osobowa [1, ]
    • a
    • Nazwa osobowa (NP)
    • Frølich, Lorenz Find
    • d
    • Daty biograficzne (NP)
    • (1820-1908).
    • e
    • Określenie rodzaju współpracy
    • Il.
    • 9
    • KHW
    • 277324
700 -Hasło dodatkowe - nazwa osobowa [1, ]
    • a
    • Nazwa osobowa (NP)
    • Magon, Leopold Find
    • d
    • Daty biograficzne (NP)
    • (1887-1968).
    • e
    • Określenie rodzaju współpracy
    • Oprac.
    • 9
    • KHW
    • 448913
700 -Hasło dodatkowe - nazwa osobowa [1, ]
    • a
    • Nazwa osobowa (NP)
    • Blühm, Eva-Maria. Find
    • e
    • Określenie rodzaju współpracy
    • Tł.
    • 9
    • KHW
    • 448914
710 -Hasło dodatkowe - nazwa ciała zbiorowego [2, ]
    • a
    • Nazwa ciała zbiorowego lub nazwa geograficzna jako pierwszy element (NP)
    • Gustav Kiepenheuer Verlag.
    • 4
    • Kod relacji
    • pbl
    • 9
    • KHW
    • 84698
920 -ISBN [ , ]
    • a
    • ISBN
    • 3-378-00061-9 Find
    • q
    • Dopowiedzenie
    • Sammel-Nr.
920 -ISBN [ , ]
    • a
    • ISBN
    • 3-378-00062-7 Find
    • q
    • Dopowiedzenie
    • Bd. 1
920 -ISBN [ , ]
    • a
    • ISBN
    • 3-378-00063-5 Find
    • q
    • Dopowiedzenie
    • Bd. 2
Numer inwentarzowy Status udost. Lokalizacja Sygnatura
G.630-3BMGerm. Literatura dla dzieci 06